Štruktúra a motivácia pracovníkov v spoločnosti TYLEX SLOVAKIA, s.r.o. bakalárska práca

Salvato in:
Dettagli Bibliografici
Autore principale: Helmeciová, Martina
Ente Autore: Podnikovohospodárska fakulta EU so sídlom v Košiciach. Katedra manažmentu
Altri autori: Michalides, Tibor
Natura: Libro
Lingua:slovacco
Pubblicazione: Košice 2009
Tags: Aggiungi Tag
Nessun Tag, puoi essere il primo ad aggiungerne!!

MARC

LEADER 00000nam$a2200000$$$4500
001 0106749
005 20240318131201.1
041 0 |a slo 
044 |a SK 
245 1 0 |a Štruktúra a motivácia pracovníkov v spoločnosti TYLEX SLOVAKIA, s.r.o.  |b bakalárska práca  |c Martina Helmeciová ; škol. Tibor Michalides 
264 1 |a Košice  |c 2009 
300 |a 56 s. 
100 1 |a Helmeciová, Martina 
700 1 |a Michalides, Tibor 
710 2 |a Podnikovohospodárska fakulta EU so sídlom v Košiciach. Katedra manažmentu